4 to 13 Letter 'I' Places Quiz Stats

 Plays Quiz Updated Jan 3, 2019

Support Sporcle.
Go Orange.
Score 0/10 Timer 02:00
6 Plays Today
Clue 'I'-Place % Correct
Country that borders Turkey and KuwaitIraq
98.1%
Most populated country in Southeast AsiaIndonesia
91.8%
Largest Hebrew-speaking countryIsrael
90.1%
Historically known as Constantinople and ByzantiumIstanbul
87.1%
Europe's most sparsely populated countryIceland
86.8%
European country with two countries inside itItaly
83.8%
Capital and largest city of IndianaIndianapolis
82.5%
Most populated region in Metropolitan FranceÎle-de-France
39.3%
German city where headquarters of Audi is locatedIngolstadt
13.7%
Federal subject located in southeastern Siberia (two words)Irkutsk Oblast
9.9%

You're not logged in!

Compare scores with friends on all Sporcle quizzes.
OR
Log In

From the Vault

Premier League Clubs All-Time

by Derek

Of the 42 clubs that have competed in the Premier League, only the best, er...wealthiest four have won the title.
Remove Ads.
Support Sporcle.
Get the best of Sporcle when you Go Orange. This ad-free experience offers more features, more stats, and more fun while also helping to support Sporcle. Thank you for becoming a member.

Show Comments

Extras

Top Quizzes Today


Score Distribution

Your Account Isn't Verified!

In order to create a playlist on Sporcle, you need to verify the email address you used during registration. Go to your Sporcle Settings to finish the process.

Report this User

Report this user for behavior that violates our Community Guidelines.

Details: